[Event "45th FIDE Chess Olympiad Open"]
[Site "Budapest, Hungary"]
[Date "2024.09.22"]
[Round "11"]
[White "Yang, Ching Wei Austin"]
[Black "Pinto, Daniel"]
[Result "0-1"]
[Board "171"]
[WhiteFideId "16300440"]
[BlackFideId "3303144"]
[WhiteTitle "FM"]
[BlackTitle "FM"]
[WhiteElo "2121"]
[BlackElo "2273"]
[WhiteTeam "Chinese Taipei"]
[BlackTeam "Bolivia"]
[WhiteClock "0:19:13"]
[BlackClock "0:28:42"]
[Variant "Standard"]

1. d4 {[%clk 1:30:48]}  Nf6 {[%clk 1:30:41]} 2. c4 {[%clk 1:31:00]}  c6 {[%clk 1:30:26]} 3. Nc3 {[%clk 1:30:20]}  d5 {[%clk 1:30:46]} 4. e3 {[%clk 1:29:08]}  Bf5 {[%clk 1:27:41]} 5. cxd5 {[%clk 1:29:02]}  Nxd5 {[%clk 1:22:20]} 6. Qb3 {[%clk 1:25:53]}  Qb6 {[%clk 1:13:41]} 7. Qxb6 {[%clk 1:23:17]}  axb6 {[%clk 1:08:43]} 8. Nxd5 {[%clk 1:22:54]}  cxd5 {[%clk 1:09:07]} 9. Bd2 {[%clk 1:17:56]}  Nc6 {[%clk 1:05:19]} 10. Nf3 {[%clk 1:15:24]}  f6 {[%clk 1:03:11]} 11. Bb5 {[%clk 1:14:51]}  e6 {[%clk 1:02:50]} 12. Ke2 {[%clk 1:11:35]}  Bd6 {[%clk 1:01:58]} 13. Rac1 {[%clk 1:01:34]}  Kd7 {[%clk 1:00:29]} 14. a3 {[%clk 1:00:31]}  h5 {[%clk 1:00:15]} 15. Ne1 {[%clk 0:53:13]}  h4 {[%clk 0:57:38]} 16. Nd3 {[%clk 0:50:41]}  h3 {[%clk 0:57:50]} 17. g3 {[%clk 0:50:36]}  g5 {[%clk 0:56:54]} 18. Rc3 {[%clk 0:42:48]}  e5 {[%clk 0:24:47]} 19. dxe5 {[%clk 0:33:19]}  fxe5 {[%clk 0:24:01]} 20. Rhc1 {[%clk 0:33:30]}  Rac8 {[%clk 0:21:29]} 21. Rb3 {[%clk 0:31:19]}  Rhf8 {[%clk 0:21:18]} 22. Nb4 {[%clk 0:21:49]}  Be4 {[%clk 0:20:38]} 23. Ba4 {[%clk 0:15:51]}  Bxb4 {[%clk 0:07:11]} 24. Bxb4 {[%clk 0:14:58]}  Rf6 {[%clk 0:07:20]} 25. Be1 {[%clk 0:13:51]}  Kc7 {[%clk 0:07:10]} 26. Bc3 {[%clk 0:09:48]}  Rf5 {[%clk 0:07:16]} 27. f4 {[%clk 0:07:36]}  gxf4 {[%clk 0:07:26]} 28. exf4 {[%clk 0:07:02]}  exf4 {[%clk 0:06:27]} 29. gxf4 {[%clk 0:07:17]}  Rg8 {[%clk 0:04:20]} 30. Be5+ {[%clk 0:07:09]}  Rxe5 {[%clk 0:04:43]} 31. fxe5 {[%clk 0:07:37]}  Rg2+ {[%clk 0:05:05]} 32. Ke3 {[%clk 0:07:35]}  Rxh2 {[%clk 0:05:29]} 33. Kf4 {[%clk 0:06:03]}  Rf2+ {[%clk 0:03:27]} 34. Kg3 {[%clk 0:05:56]}  Rf5 {[%clk 0:03:51]} 35. Kxh3 {[%clk 0:04:49]}  Rxe5 {[%clk 0:04:16]} 36. Rg3 {[%clk 0:02:32]}  Rh5+ {[%clk 0:03:38]} 37. Kg4 {[%clk 0:02:56]}  Rh2 {[%clk 0:03:43]} 38. Kf4 {[%clk 0:02:45]}  Rxb2 {[%clk 0:03:22]} 39. Rg7+ {[%clk 0:00:35]}  Kd6 {[%clk 0:03:26]} 40. Rxb7 {[%clk 0:00:36]}  Ne5 {[%clk 0:02:04]} 41. Rc8 {[%clk 0:23:56]}  Rf2+ {[%clk 0:26:43]} 42. Kg3 {[%clk 0:18:55]}  Rf3+ {[%clk 0:25:40]} 43. Kh4 {[%clk 0:18:41]}  Rf4+ {[%clk 0:20:02]} 44. Kg5 {[%clk 0:15:02]}  Rg4+ {[%clk 0:20:10]} 45. Kh6 {[%clk 0:13:27]}  Rh4 {[%clk 0:19:02]} 46. Kg5 {[%clk 0:13:27]}  Nf3+ {[%clk 0:19:18]} 47. Kf6 {[%clk 0:12:42]}  Rh6 {[%clk 0:19:41]} 48. Kg7 {[%clk 0:10:54]}  Rh7+ {[%clk 0:19:58]} 49. Kf6 {[%clk 0:10:55]}  Rxb7 {[%clk 0:19:53]} 50. Rc6+ {[%clk 0:07:38]}  Kd7 {[%clk 0:20:16]} 51. Bb5 {[%clk 0:06:38]}  Nd4 {[%clk 0:18:11]} 52. Rxb6+ {[%clk 0:06:46]}  Kc7 {[%clk 0:18:34]} 53. Rxb7+ {[%clk 0:06:41]}  Kxb7 {[%clk 0:18:57]} 54. Bf1 {[%clk 0:06:58]}  Kb6 {[%clk 0:19:03]} 55. Ke5 {[%clk 0:07:10]}  Kc5 {[%clk 0:19:27]} 56. Kf4 {[%clk 0:07:20]}  Bc2 {[%clk 0:19:10]} 57. Ke3 {[%clk 0:07:35]}  Nb5 {[%clk 0:19:32]} 58. Kd2 {[%clk 0:07:18]}  Ba4 {[%clk 0:19:55]} 59. Be2 {[%clk 0:07:35]}  Nxa3 {[%clk 0:20:18]} 60. Bf3 {[%clk 0:07:55]}  d4 {[%clk 0:20:21]} 61. Be4 {[%clk 0:08:11]}  Nc4+ {[%clk 0:20:32]} 62. Kd3 {[%clk 0:08:29]}  Ne5+ {[%clk 0:20:54]} 63. Kd2 {[%clk 0:08:53]}  Kc4 {[%clk 0:21:17]} 64. Bf5 {[%clk 0:09:16]}  d3 {[%clk 0:21:35]} 65. Bxd3+ {[%clk 0:09:43]}  Nxd3 {[%clk 0:22:01]} 66. Ke3 {[%clk 0:10:10]}  Bc6 {[%clk 0:22:07]} 67. Ke2 {[%clk 0:10:25]}  Kd4 {[%clk 0:22:22]} 68. Kd2 {[%clk 0:10:49]}  Bf3 {[%clk 0:22:45]} 69. Kc2 {[%clk 0:11:11]}  Nc5 {[%clk 0:22:50]} 70. Kd2 {[%clk 0:11:27]}  Nb3+ {[%clk 0:23:16]} 71. Kc2 {[%clk 0:11:53]}  Kc4 {[%clk 0:23:26]} 72. Kb2 {[%clk 0:12:17]}  Be4 {[%clk 0:23:48]} 73. Ka3 {[%clk 0:12:25]}  Kc3 {[%clk 0:24:08]} 74. Ka2 {[%clk 0:12:48]}  Bf5 {[%clk 0:24:29]} 75. Ka3 {[%clk 0:13:10]}  Bb1 {[%clk 0:24:49]} 76. Ka4 {[%clk 0:13:36]}  Nd4 {[%clk 0:24:54]} 77. Ka5 {[%clk 0:14:00]}  Kc4 {[%clk 0:25:11]} 78. Kb6 {[%clk 0:14:24]}  Nb5 {[%clk 0:25:31]} 79. Kc6 {[%clk 0:14:47]}  Bf5 {[%clk 0:25:56]} 80. Kb6 {[%clk 0:15:11]}  Be4 {[%clk 0:26:12]} 81. Ka5 {[%clk 0:15:34]}  Kc5 {[%clk 0:26:15]} 82. Ka6 {[%clk 0:15:50]}  Nd6 {[%clk 0:26:15]} 83. Ka5 {[%clk 0:16:14]}  Bc6 {[%clk 0:26:22]} 84. Ka6 {[%clk 0:16:39]}  Bb5+ {[%clk 0:26:42]} 85. Ka7 {[%clk 0:17:02]}  Kc6 {[%clk 0:27:00]} 86. Kb8 {[%clk 0:17:29]}  Kb6 {[%clk 0:27:06]} 87. Ka8 {[%clk 0:17:56]}  Ba6 {[%clk 0:27:30]} 88. Kb8 {[%clk 0:18:21]}  Nc4 {[%clk 0:27:49]} 89. Ka8 {[%clk 0:18:48]}  Na5 {[%clk 0:28:16]} 90. Kb8 {[%clk 0:19:13]}  Nc6+ {[%clk 0:28:42]} 0-1

[Event "45th FIDE Chess Olympiad Open"]
[Site "Budapest, Hungary"]
[Date "2024.09.22"]
[Round "11"]
[White "Montevilla Cahuasa, Jonathan I."]
[Black "Wang, Ting-Hao"]
[Result "1/2-1/2"]
[Board "172"]
[WhiteFideId "3322220"]
[BlackFideId "16300602"]
[WhiteElo "2064"]
[BlackElo "1842"]
[WhiteTeam "Bolivia"]
[BlackTeam "Chinese Taipei"]
[WhiteClock "0:35:45"]
[BlackClock "0:32:37"]
[Variant "Standard"]

1. e4 {[%clk 1:30:55]}  c6 {[%clk 1:30:46]} 2. d4 {[%clk 1:31:10]}  d5 {[%clk 1:31:04]} 3. e5 {[%clk 1:31:32]}  c5 {[%clk 1:31:06]} 4. Nf3 {[%clk 1:31:56]}  Bg4 {[%clk 1:31:06]} 5. dxc5 {[%clk 1:31:57]}  Nc6 {[%clk 1:30:32]} 6. c3 {[%clk 1:30:11]}  e6 {[%clk 1:29:56]} 7. Be3 {[%clk 1:30:08]}  a6 {[%clk 1:29:54]} 8. Nbd2 {[%clk 1:28:07]}  Nxe5 {[%clk 1:28:35]} 9. Be2 {[%clk 1:28:15]}  Nc6 {[%clk 1:28:05]} 10. O-O {[%clk 1:27:40]}  Nge7 {[%clk 1:26:22]} 11. b4 {[%clk 1:16:54]}  Nf5 {[%clk 1:22:46]} 12. Bd4 {[%clk 1:14:15]}  Be7 {[%clk 1:18:16]} 13. h3 {[%clk 1:05:12]}  Bxf3 {[%clk 1:14:45]} 14. Nxf3 {[%clk 1:05:33]}  O-O {[%clk 1:13:28]} 15. Bd3 {[%clk 1:03:36]}  Nfxd4 {[%clk 1:08:21]} 16. cxd4 {[%clk 1:03:32]}  Bf6 {[%clk 1:06:58]} 17. Rb1 {[%clk 1:03:44]}  Qc7 {[%clk 1:02:03]} 18. Re1 {[%clk 1:02:49]}  b6 {[%clk 0:59:03]} 19. a4 {[%clk 0:49:17]}  Rfb8 {[%clk 0:53:10]} 20. Qd2 {[%clk 0:28:34]}  Nxd4 {[%clk 0:40:50]} 21. Nxd4 {[%clk 0:28:57]}  Bxd4 {[%clk 0:41:17]} 22. Bxh7+ {[%clk 0:29:18]}  Kxh7 {[%clk 0:41:42]} 23. Qxd4 {[%clk 0:29:43]}  Kg8 {[%clk 0:40:24]} 24. Rec1 {[%clk 0:28:37]}  bxc5 {[%clk 0:38:49]} 25. Rxc5 {[%clk 0:25:50]}  Qd7 {[%clk 0:38:55]} 26. Rb3 {[%clk 0:23:10]}  Rc8 {[%clk 0:29:52]} 27. Rg3 {[%clk 0:22:32]}  f5 {[%clk 0:29:32]} 28. Rgc3 {[%clk 0:15:01]}  Rxc5 {[%clk 0:21:23]} 29. Rxc5 {[%clk 0:15:17]}  Qd6 {[%clk 0:21:03]} 30. g3 {[%clk 0:14:08]}  Kf7 {[%clk 0:17:02]} 31. b5 {[%clk 0:11:05]}  axb5 {[%clk 0:16:29]} 32. Rxb5 {[%clk 0:11:28]}  Qc6 {[%clk 0:14:42]} 33. Qb4 {[%clk 0:11:18]}  Ra7 {[%clk 0:13:22]} 34. a5 {[%clk 0:09:24]}  d4 {[%clk 0:10:46]} 35. Rb6 {[%clk 0:08:42]}  Qd5 {[%clk 0:09:15]} 36. a6 {[%clk 0:04:01]}  Rd7 {[%clk 0:08:00]} 37. Rb7 {[%clk 0:02:01]}  d3 {[%clk 0:07:56]} 38. Rxd7+ {[%clk 0:02:01]}  Qxd7 {[%clk 0:08:19]} 39. Qd2 {[%clk 0:02:20]}  Qd4 {[%clk 0:05:02]} 40. a7 {[%clk 0:02:22]}  Qxa7 {[%clk 0:04:53]} 41. Qxd3 {[%clk 0:02:50]}  Qa1+ {[%clk 0:04:49]} 42. Kg2 {[%clk 0:03:18]}  Qa8+ {[%clk 0:04:35]} 43. Kh2 {[%clk 0:03:45]}  Qc6 {[%clk 0:04:23]} 44. h4 {[%clk 0:04:08]}  g6 {[%clk 0:04:17]} 45. Qe3 {[%clk 0:03:01]}  Qd7 {[%clk 0:02:45]} 46. Qe2 {[%clk 0:00:33]}  Qd4 {[%clk 0:30:24]} 47. f4 {[%clk 0:29:11]}  Kf6 {[%clk 0:29:05]} 48. Qg2 {[%clk 0:28:34]}  Qa1 {[%clk 0:28:11]} 49. Qc2 {[%clk 0:28:53]}  Qf1 {[%clk 0:27:55]} 50. Qc3+ {[%clk 0:28:16]}  Kf7 {[%clk 0:28:19]} 51. Qc7+ {[%clk 0:28:41]}  Kf6 {[%clk 0:28:37]} 52. Qd8+ {[%clk 0:29:05]}  Kf7 {[%clk 0:29:01]} 53. Qd7+ {[%clk 0:29:19]}  Kf6 {[%clk 0:29:21]} 54. Qd4+ {[%clk 0:29:44]}  Kf7 {[%clk 0:29:46]} 55. Qb2 {[%clk 0:30:08]}  Qf3 {[%clk 0:29:29]} 56. Qd2 {[%clk 0:29:34]}  Qf1 {[%clk 0:29:34]} 57. Qe3 {[%clk 0:30:02]}  Kf6 {[%clk 0:29:22]} 58. Qc3+ {[%clk 0:30:26]}  Kf7 {[%clk 0:29:48]} 59. Qb2 {[%clk 0:30:49]}  Qf3 {[%clk 0:30:11]} 60. Qg2 {[%clk 0:30:32]}  Qd1 {[%clk 0:29:21]} 61. Kh3 {[%clk 0:30:03]}  Qg4+ {[%clk 0:29:43]} 62. Kh2 {[%clk 0:30:29]}  Qd1 {[%clk 0:30:07]} 63. Qf2 {[%clk 0:30:48]}  Kf6 {[%clk 0:30:06]} 64. Qb2+ {[%clk 0:30:28]}  Kf7 {[%clk 0:30:29]} 65. Qc3 {[%clk 0:30:55]}  Qf1 {[%clk 0:30:48]} 66. Qd2 {[%clk 0:31:05]}  Kf6 {[%clk 0:30:49]} 67. Qd8+ {[%clk 0:31:29]}  Kf7 {[%clk 0:31:15]} 68. Qa8 {[%clk 0:31:42]}  Qe2+ {[%clk 0:31:22]} 69. Qg2 {[%clk 0:32:05]}  Qd1 {[%clk 0:31:34]} 70. Qf2 {[%clk 0:32:33]}  Kf6 {[%clk 0:31:47]} 71. Kg2 {[%clk 0:33:00]}  Qd5+ {[%clk 0:31:54]} 72. Qf3 {[%clk 0:33:22]}  Qd2+ {[%clk 0:30:24]} 73. Kh3 {[%clk 0:33:49]}  Qe1 {[%clk 0:30:21]} 74. Qg2 {[%clk 0:34:06]}  Qd1 {[%clk 0:30:33]} 75. Qa8 {[%clk 0:33:24]}  Qg4+ {[%clk 0:30:38]} 76. Kh2 {[%clk 0:33:48]}  Qe2+ {[%clk 0:31:02]} 77. Kg1 {[%clk 0:34:11]}  Qe1+ {[%clk 0:31:23]} 78. Kh2 {[%clk 0:34:36]}  Qe2+ {[%clk 0:31:46]} 79. Kg1 {[%clk 0:34:54]}  Qe1+ {[%clk 0:32:12]} 80. Kh2 {[%clk 0:35:20]}  Qe2+ {[%clk 0:32:37]} 81. Kg1 {[%clk 0:35:45]} 1/2-1/2

[Event "45th FIDE Chess Olympiad Open"]
[Site "Budapest, Hungary"]
[Date "2024.09.22"]
[Round "11"]
[White "Al Hosani, Omran"]
[Black "Al-Ali, Hussein Ali Hussein"]
[Result "1/2-1/2"]
[Board "173"]
[WhiteFideId "9308733"]
[BlackFideId "4800192"]
[WhiteTitle "IM"]
[BlackTitle "IM"]
[WhiteElo "2241"]
[BlackElo "2122"]
[WhiteTeam "United Arab Emirates"]
[BlackTeam "Iraq"]
[WhiteClock "0:07:20"]
[BlackClock "0:43:50"]
[Variant "Standard"]

1. c4 {[%clk 1:30:56]}  Nf6 {[%clk 1:30:39]} 2. Nc3 {[%clk 1:31:14]}  e5 {[%clk 1:29:37]} 3. Nf3 {[%clk 1:31:20]}  d6 {[%clk 1:29:52]} 4. g3 {[%clk 1:30:37]}  Be7 {[%clk 1:27:57]} 5. Bg2 {[%clk 1:30:56]}  O-O {[%clk 1:28:18]} 6. O-O {[%clk 1:31:19]}  c6 {[%clk 1:28:14]} 7. Qc2 {[%clk 1:28:25]}  Be6 {[%clk 1:26:29]} 8. b3 {[%clk 1:28:01]}  Nbd7 {[%clk 1:19:32]} 9. d4 {[%clk 1:27:04]}  Bg4 {[%clk 1:19:39]} 10. Rd1 {[%clk 1:27:14]}  Qc7 {[%clk 1:19:35]} 11. Bb2 {[%clk 1:26:50]}  Rfe8 {[%clk 1:19:24]} 12. Nh4 {[%clk 1:23:25]}  Bf8 {[%clk 1:18:34]} 13. h3 {[%clk 1:04:59]}  Bh5 {[%clk 1:15:30]} 14. g4 {[%clk 1:02:58]}  Bg6 {[%clk 1:15:55]} 15. Nxg6 {[%clk 1:03:19]}  hxg6 {[%clk 1:16:19]} 16. e3 {[%clk 1:03:42]}  g5 {[%clk 1:14:56]} 17. b4 {[%clk 0:45:05]}  exd4 {[%clk 1:10:36]} 18. exd4 {[%clk 0:43:26]}  d5 {[%clk 1:07:48]} 19. cxd5 {[%clk 0:43:36]}  cxd5 {[%clk 1:08:11]} 20. Qf5 {[%clk 0:40:42]}  Nb6 {[%clk 1:04:45]} 21. Rac1 {[%clk 0:41:03]}  Qf4 {[%clk 1:04:06]} 22. Qxf4 {[%clk 0:36:55]}  gxf4 {[%clk 1:04:31]} 23. a3 {[%clk 0:36:52]}  a6 {[%clk 1:03:16]} 24. g5 {[%clk 0:28:07]}  Ne4 {[%clk 1:03:29]} 25. Re1 {[%clk 0:26:33]}  Nxc3 {[%clk 1:02:17]} 26. Bxc3 {[%clk 0:24:43]}  Bd6 {[%clk 1:02:07]} 27. Bf3 {[%clk 0:24:17]}  Kf8 {[%clk 1:00:56]} 28. Kg2 {[%clk 0:24:30]}  g6 {[%clk 1:00:34]} 29. h4 {[%clk 0:24:04]}  Rxe1 {[%clk 1:00:10]} 30. Bxe1 {[%clk 0:24:27]}  Rd8 {[%clk 0:58:59]} 31. Kh3 {[%clk 0:24:14]}  Rd7 {[%clk 0:58:55]} 32. Kg4 {[%clk 0:23:40]}  Kg7 {[%clk 0:58:39]} 33. Rc3 {[%clk 0:22:25]}  f5+ {[%clk 0:58:41]} 34. gxf6+ {[%clk 0:22:20]}  Kxf6 {[%clk 0:59:03]} 35. Bd2 {[%clk 0:20:31]}  Rh7 {[%clk 0:59:14]} 36. Bg2 {[%clk 0:18:40]}  Ke6 {[%clk 0:56:02]} 37. Rf3 {[%clk 0:15:38]}  Nd7 {[%clk 0:53:56]} 38. Bxf4 {[%clk 0:12:42]}  Nf6+ {[%clk 0:54:20]} 39. Kg5 {[%clk 0:12:27]}  Ne4+ {[%clk 0:53:01]} 40. Kxg6 {[%clk 0:12:36]}  Rxh4 {[%clk 0:52:57]} 41. Bxd6 {[%clk 0:07:07]}  Rg4 {[%clk 0:51:29]} 42. Kh6 {[%clk 0:07:29]}  Kxd6 {[%clk 0:49:51]} 43. Bh3 {[%clk 0:05:11]}  Rh4 {[%clk 0:44:34]} 44. Kg6 {[%clk 0:05:30]}  Nxf2 {[%clk 0:44:13]} 45. Bc8 {[%clk 0:05:22]}  Kc7 {[%clk 0:43:52]} 46. Bxb7 {[%clk 0:05:26]}  Kxb7 {[%clk 0:44:15]} 47. Rxf2 {[%clk 0:05:49]}  Rxd4 {[%clk 0:44:28]} 48. Kf5 {[%clk 0:05:59]}  Rd3 {[%clk 0:44:05]} 49. Ke5 {[%clk 0:06:21]}  Rxa3 {[%clk 0:43:06]} 50. Kxd5 {[%clk 0:06:43]}  Rc3 {[%clk 0:43:30]} 51. Kd4 {[%clk 0:06:58]}  Rc1 {[%clk 0:43:50]} 52. Rf6 {[%clk 0:07:20]} 1/2-1/2

[Event "45th FIDE Chess Olympiad Open"]
[Site "Budapest, Hungary"]
[Date "2024.09.22"]
[Round "11"]
[White "Zozek Salah Mohammed"]
[Black "Ammar, Sedrani"]
[Result "0-1"]
[Board "174"]
[WhiteFideId "4803361"]
[BlackFideId "9312331"]
[WhiteTitle "FM"]
[BlackTitle "FM"]
[WhiteElo "2180"]
[BlackElo "2226"]
[WhiteTeam "Iraq"]
[BlackTeam "United Arab Emirates"]
[WhiteClock "0:23:49"]
[BlackClock "0:40:14"]
[Variant "Standard"]

1. d4 {[%clk 1:30:26]}  d5 {[%clk 1:30:50]} 2. c4 {[%clk 1:30:05]}  e6 {[%clk 1:31:12]} 3. Nc3 {[%clk 1:30:19]}  Nf6 {[%clk 1:31:32]} 4. Nf3 {[%clk 1:30:13]}  Be7 {[%clk 1:30:39]} 5. Bg5 {[%clk 1:30:35]}  O-O {[%clk 1:30:59]} 6. e3 {[%clk 1:30:26]}  h6 {[%clk 1:31:22]} 7. Bh4 {[%clk 1:30:25]}  Ne4 {[%clk 1:31:49]} 8. Bxe7 {[%clk 1:29:52]}  Qxe7 {[%clk 1:32:15]} 9. Rc1 {[%clk 1:30:19]}  c6 {[%clk 1:26:27]} 10. Bd3 {[%clk 1:28:55]}  Nxc3 {[%clk 1:26:46]} 11. Rxc3 {[%clk 1:29:03]}  Nd7 {[%clk 1:27:13]} 12. O-O {[%clk 1:29:05]}  Rd8 {[%clk 1:16:55]} 13. Qc2 {[%clk 1:22:51]}  dxc4 {[%clk 1:16:46]} 14. Bxc4 {[%clk 1:22:19]}  Nb6 {[%clk 1:12:18]} 15. e4 {[%clk 1:14:51]}  Bd7 {[%clk 1:12:32]} 16. Be2 {[%clk 1:01:37]}  Be8 {[%clk 1:12:44]} 17. a4 {[%clk 0:51:25]}  Nd7 {[%clk 0:54:31]} 18. Rd1 {[%clk 0:31:51]}  e5 {[%clk 0:50:24]} 19. d5 {[%clk 0:28:47]}  Nf6 {[%clk 0:50:14]} 20. Bc4 {[%clk 0:13:25]}  Rd6 {[%clk 0:48:21]} 21. Nh4 {[%clk 0:11:45]}  g6 {[%clk 0:43:54]} 22. dxc6 {[%clk 0:08:56]}  Rxd1+ {[%clk 0:34:39]} 23. Qxd1 {[%clk 0:09:23]}  Nxe4 {[%clk 0:28:48]} 24. Nxg6 {[%clk 0:09:14]}  Qf6 {[%clk 0:26:04]} 25. Rf3 {[%clk 0:00:39]}  Rd8 {[%clk 0:21:31]} 26. Bd5 {[%clk 0:00:31]}  Qd6 {[%clk 0:13:38]} 27. Rd3 {[%clk 0:00:39]}  Qf6 {[%clk 0:02:03]} 28. Bxe4 {[%clk 0:00:56]}  Rxd3 {[%clk 0:02:28]} 29. Qxd3 {[%clk 0:00:51]}  Bxc6 {[%clk 0:02:53]} 30. Bxc6 {[%clk 0:00:39]}  bxc6 {[%clk 0:02:56]} 31. Nxe5 {[%clk 0:00:38]}  Qxe5 {[%clk 0:03:24]} 32. Qg3+ {[%clk 0:00:53]}  Qxg3 {[%clk 0:03:52]} 33. hxg3 {[%clk 0:01:04]}  Kg7 {[%clk 0:04:20]} 34. Kf1 {[%clk 0:01:26]}  Kf6 {[%clk 0:04:46]} 35. Ke2 {[%clk 0:01:52]}  Ke5 {[%clk 0:04:55]} 36. Kd3 {[%clk 0:02:17]}  Kd5 {[%clk 0:05:02]} 37. g4 {[%clk 0:01:04]}  a5 {[%clk 0:03:40]} 38. Kc3 {[%clk 0:01:06]}  Kc5 {[%clk 0:03:59]} 39. b4+ {[%clk 0:00:37]}  axb4+ {[%clk 0:04:27]} 40. Kb3 {[%clk 0:01:04]}  Kd4 {[%clk 0:04:53]} 41. a5 {[%clk 0:01:08]}  Kc5 {[%clk 0:04:57]} 42. a6 {[%clk 0:22:24]}  Kb6 {[%clk 0:35:24]} 43. Kxb4 {[%clk 0:22:52]}  Kxa6 {[%clk 0:35:53]} 44. Kc5 {[%clk 0:23:18]}  Kb7 {[%clk 0:36:21]} 45. f4 {[%clk 0:23:44]}  Kc7 {[%clk 0:35:57]} 46. g5 {[%clk 0:21:09]}  hxg5 {[%clk 0:36:24]} 47. fxg5 {[%clk 0:21:35]}  Kd7 {[%clk 0:36:22]} 48. Kc4 {[%clk 0:20:20]}  Kd6 {[%clk 0:36:44]} 49. Kd4 {[%clk 0:20:19]}  c5+ {[%clk 0:37:02]} 50. Kc4 {[%clk 0:19:56]}  Kc6 {[%clk 0:37:30]} 51. Kc3 {[%clk 0:20:16]}  Kd5 {[%clk 0:37:52]} 52. Kd3 {[%clk 0:20:40]}  c4+ {[%clk 0:38:08]} 53. Kc3 {[%clk 0:21:09]}  Kc5 {[%clk 0:38:37]} 54. Kc2 {[%clk 0:21:30]}  Kd4 {[%clk 0:38:56]} 55. Kd2 {[%clk 0:21:50]}  c3+ {[%clk 0:38:45]} 56. Kc2 {[%clk 0:22:16]}  Kc4 {[%clk 0:38:53]} 57. Kc1 {[%clk 0:22:33]}  Kd3 {[%clk 0:39:02]} 58. Kd1 {[%clk 0:22:46]}  c2+ {[%clk 0:39:26]} 59. Kc1 {[%clk 0:23:16]}  Kc3 {[%clk 0:39:55]} 60. g3 {[%clk 0:23:30]}  Kd3 {[%clk 0:40:14]} 61. g4 {[%clk 0:23:49]} 0-1

[Event "45th FIDE Chess Olympiad Open"]
[Site "Budapest, Hungary"]
[Date "2024.09.22"]
[Round "11"]
[White "Ahmed, Fareed"]
[Black "Salih, Akar Ali Salih"]
[Result "0-1"]
[Board "175"]
[WhiteFideId "9303677"]
[BlackFideId "4800575"]
[WhiteTitle "FM"]
[BlackTitle "FM"]
[WhiteElo "2061"]
[BlackElo "2174"]
[WhiteTeam "United Arab Emirates"]
[BlackTeam "Iraq"]
[WhiteClock "0:00:33"]
[BlackClock "0:07:24"]
[Variant "Standard"]

1. e4 {[%clk 1:30:40]}  c5 {[%clk 1:30:36]} 2. Nf3 {[%clk 1:30:58]}  Nc6 {[%clk 1:30:39]} 3. d4 {[%clk 1:31:14]}  cxd4 {[%clk 1:31:00]} 4. Nxd4 {[%clk 1:31:39]}  Nf6 {[%clk 1:31:24]} 5. Nc3 {[%clk 1:31:57]}  h5 {[%clk 1:31:41]} 6. Nb3 {[%clk 1:28:33]}  g6 {[%clk 1:29:49]} 7. Bg5 {[%clk 1:26:42]}  Bg7 {[%clk 1:28:35]} 8. Qd2 {[%clk 1:26:35]}  d6 {[%clk 1:27:46]} 9. O-O-O {[%clk 1:19:49]}  O-O {[%clk 1:22:01]} 10. h3 {[%clk 1:18:36]}  Re8 {[%clk 1:15:38]} 11. f3 {[%clk 1:07:39]}  Be6 {[%clk 1:09:53]} 12. Nd5 {[%clk 0:53:29]}  a5 {[%clk 1:02:42]} 13. Bxf6 {[%clk 0:53:28]}  exf6 {[%clk 1:02:17]} 14. a4 {[%clk 0:53:54]}  Rc8 {[%clk 0:59:04]} 15. Bb5 {[%clk 0:51:55]}  f5 {[%clk 0:52:17]} 16. Kb1 {[%clk 0:47:33]}  fxe4 {[%clk 0:34:56]} 17. fxe4 {[%clk 0:46:50]}  f5 {[%clk 0:30:15]} 18. Rhe1 {[%clk 0:44:18]}  Kh7 {[%clk 0:28:23]} 19. exf5 {[%clk 0:21:43]}  Bxf5 {[%clk 0:28:38]} 20. Rxe8 {[%clk 0:22:07]}  Qxe8 {[%clk 0:28:49]} 21. Nxa5 {[%clk 0:11:50]}  Qe4 {[%clk 0:17:54]} 22. Nc4 {[%clk 0:02:57]}  Nd4 {[%clk 0:16:40]} 23. Nde3 {[%clk 0:01:48]}  Nxb5 {[%clk 0:15:16]} 24. g4 {[%clk 0:00:38]}  Be6 {[%clk 0:12:05]} 25. axb5 {[%clk 0:01:00]}  Bxc4 {[%clk 0:12:13]} 26. gxh5 {[%clk 0:00:57]}  gxh5 {[%clk 0:11:57]} 27. Nxc4 {[%clk 0:00:40]}  Rxc4 {[%clk 0:12:10]} 28. Rg1 {[%clk 0:00:33]}  Rc5 {[%clk 0:09:11]} 29. Rg5 {[%clk 0:00:33]}  Bh6 {[%clk 0:07:24]} 0-1

[Event "45th FIDE Chess Olympiad Open"]
[Site "Budapest, Hungary"]
[Date "2024.09.22"]
[Round "11"]
[White "Alothman ,Ali Layth Ahmed"]
[Black "Sultan, Ibrahim"]
[Result "1-0"]
[Board "176"]
[WhiteFideId "4801920"]
[BlackFideId "9301143"]
[WhiteTitle "FM"]
[BlackTitle "IM"]
[WhiteElo "2161"]
[BlackElo "2206"]
[WhiteTeam "Iraq"]
[BlackTeam "United Arab Emirates"]
[WhiteClock "0:03:17"]
[BlackClock "0:01:37"]
[Variant "Standard"]

1. Nf3 {[%clk 1:30:53]}  Nf6 {[%clk 1:30:39]} 2. c4 {[%clk 1:31:14]}  e6 {[%clk 1:30:13]} 3. g3 {[%clk 1:31:13]}  d5 {[%clk 1:30:21]} 4. Bg2 {[%clk 1:31:26]}  d4 {[%clk 1:29:40]} 5. d3 {[%clk 1:25:06]}  c5 {[%clk 1:29:58]} 6. e4 {[%clk 1:19:46]}  Nc6 {[%clk 1:30:03]} 7. e5 {[%clk 1:17:46]}  Nd7 {[%clk 1:30:23]} 8. Qe2 {[%clk 1:15:19]}  Qc7 {[%clk 0:54:36]} 9. Bf4 {[%clk 1:15:17]}  g5 {[%clk 0:52:35]} 10. Nxg5 {[%clk 1:07:59]}  Ndxe5 {[%clk 0:48:54]} 11. Nd2 {[%clk 0:51:09]}  Bg7 {[%clk 0:44:43]} 12. O-O {[%clk 0:49:25]}  Qe7 {[%clk 0:44:49]} 13. Bxe5 {[%clk 0:42:10]}  Nxe5 {[%clk 0:45:08]} 14. f4 {[%clk 0:42:28]}  Nc6 {[%clk 0:42:45]} 15. Rae1 {[%clk 0:35:36]}  Bd7 {[%clk 0:37:07]} 16. a3 {[%clk 0:34:36]}  h6 {[%clk 0:35:34]} 17. Ngf3 {[%clk 0:32:23]}  O-O {[%clk 0:29:54]} 18. Nh4 {[%clk 0:31:31]}  Rfe8 {[%clk 0:21:13]} 19. Qh5 {[%clk 0:31:20]}  Qf8 {[%clk 0:18:02]} 20. f5 {[%clk 0:29:19]}  exf5 {[%clk 0:16:14]} 21. Nxf5 {[%clk 0:27:51]}  Bxf5 {[%clk 0:16:38]} 22. Qxf5 {[%clk 0:28:09]}  Re3 {[%clk 0:15:17]} 23. Bd5 {[%clk 0:19:20]}  Ne5 {[%clk 0:15:31]} 24. Be4 {[%clk 0:14:16]}  Qe7 {[%clk 0:15:43]} 25. Qh7+ {[%clk 0:13:54]}  Kf8 {[%clk 0:16:09]} 26. Rd1 {[%clk 0:14:01]}  Qg5 {[%clk 0:13:22]} 27. Rf5 {[%clk 0:11:26]}  Qe7 {[%clk 0:10:02]} 28. Rdf1 {[%clk 0:10:48]}  Rd8 {[%clk 0:10:21]} 29. Bd5 {[%clk 0:09:42]}  Rd7 {[%clk 0:03:57]} 30. Ne4 {[%clk 0:07:59]}  b6 {[%clk 0:03:05]} 31. Nf6 {[%clk 0:05:49]}  Bxf6 {[%clk 0:02:42]} 32. Rxf6 {[%clk 0:06:15]}  Ke8 {[%clk 0:02:06]} 33. Re6 {[%clk 0:03:44]}  Nf3+ {[%clk 0:00:35]} 34. Rxf3 {[%clk 0:04:00]}  Re1+ {[%clk 0:00:31]} 35. Kf2 {[%clk 0:02:02]}  Rxe6 {[%clk 0:00:46]} 36. Qg8+ {[%clk 0:02:27]}  Qf8 {[%clk 0:01:11]} 37. Qxf8+ {[%clk 0:02:53]}  Kxf8 {[%clk 0:01:37]} 38. Bxe6 {[%clk 0:03:17]} 1-0